000 00738nam a2200205 a 4500
001 BRCA_8171
005 20190320210148.0
008 070514s2006----mx-a######---#000-0#spa-#
041 _aspa
044 _amx
050 4 _aN8556.4
_b.M36 2006
100 1 _aManrique Tamayo, Silvia Noemi
_920369
245 1 0 _aAnálisis formal de la escultura policromada novohispana
_cSilvia Noemi Manrique Tamayo.
260 _aCiudad de México
_c2006
300 _a141 p.
_bil. (algunas a color)
_c28 cm.
502 _aTesis Licenciatura (Licenciada en Restauración de Bienes Muebles) Escuela Nacional de Conservación, Restauración y Museografía ´Manuel del Castillo Negrete´
650 1 4 _aEscultura
_93564
902 _aTES
942 _2lcc
_cTES
999 _c7839
_d7839